000 00695nam a22002297a 4500
003 UA-OsUOA
001 28601
007 ta
008 20050412b un ||||| |||| 00| 0 ukr d
090 _a94(47+57)
_bС56
942 _cBK
040 _aUA-OsUOA
_brus
_cUA-OsUOA
_dUA-OsUOA
245 _aБерлинская (Потсдаамская) конференция руководителей трех союзных держав - СССР, США и Великобритания (17 июля - 2 авг. 1945 г.)
300 _a511 с.
_bІлюстрації
955 _a0
041 _arus
080 _a94(47+57)
260 _c1984
044 _aRU
650 7 _2UDC
999 _c314970
_d314970